000 00499nam a2200181Ia 4500
008 240925s9999 xx 000 0 und d
020 _a201631717
082 _a006 KAL
100 _aKalawsky ,Roy S.
245 4 _aThe science of virtual reality and virtual environments
250 _aNA
260 _aNew York:
_bFree Press
_c,1993.
300 _axx,405p.
_bNA
_fOriginal
500 _aNA
600 _aComputer Science
650 _aComputer science, information & general works
942 _cBK
999 _c5651
_d5651